V-3 FUTBOL KULÜBÜNDE (Record no. 588575)

MARC details
000 -LEADER
sabit uzunluktaki kontrol alanı 00272nam a2200109Ia 4500
001 - KONTROL NUMARASI
kontrol alanı 588575
005 - EN SON İŞLEMİN TARİH VE ZAMANI
kontrol alanı 20250717120834.0
008 - SABİT-UZUNLUKTA VERİ ÖĞELERİ--GENEL BİLGİ
sabit uzunluktaki kontrol alanı 250717s9999 xx 000 0 und d
245 #0 - ESER / YAZAR
ESER ADI V-3 FUTBOL KULÜBÜNDE
Yazar Adı SİMONE VEENSTRA
260 ## - YAYIN, DAĞITIM, VB.
YAYIN EVİ ERDEM YAYINLARI
Yayın, dağıtım tarihi, vb. 2019
300 ## - FİZİKSEL AÇIKLAMA
Diğer fiziksel ayrıntılar 95

No items available.